Modern quantum mechanics
Uloženo v:
| Hlavní autor: | |
|---|---|
| Médium: | Kniha |
| Jazyk: | angličtina |
| Vydáno: |
Reading
Addison-Wesley
1994
|
| Témata: | |
| Tagy: |
Přidat tag
Žádné tagy, Buďte první, kdo vytvoří štítek k tomuto záznamu!
|
MARC
| LEADER | 00000cam a2200000 a 4500 | ||
|---|---|---|---|
| 001 | UCM3634 | ||
| 003 | CL-VaPUC | ||
| 008 | 020712e19940000US |||||||||||||||||eng|d | ||
| 020 | |a 0201539292 | ||
| 082 | 0 | 4 | |a 530.12 |b SAK |2 21 |
| 100 | 0 | |a Sakurai, Jun John |e author |9 470340 | |
| 245 | 1 | 0 | |a Modern quantum mechanics |
| 300 | |a 500 p | ||
| 942 | |c BK | ||
| 945 | |d 20020712 00:00:00 |a cmena | ||
| 260 | |a Reading |b Addison-Wesley |c 1994 | ||
| 650 | 0 | |a Mecánica cuántica |9 306806 | |
| 583 | |a last modification |c 20111021 09:12:56 |k Rodrigo Vera | ||
| 999 | |c 300838 |d 300836 | ||
| 952 | |0 0 |1 0 |4 0 |6 530_120000000000000_SAK_1994 |7 0 |8 A |9 359199 |a BIBCUR |b BIBCUR |d 2019-11-21 |i 3828905 |l 7 |m 5 |o 530.12 SAK 1994 |p 3828905 |q 2025-05-14 |r 2025-04-30 |s 2025-04-30 |w 2019-11-21 |y BK |k FIS | ||
| 952 | |0 0 |1 0 |4 0 |6 530_120000000000000_SAK_1994 |7 0 |8 A |9 359200 |a BIBCUR |b BIBCUR |d 2019-11-21 |i 3842053 |l 9 |m 9 |o 530.12 SAK 1994 |p 3842053 |r 2025-04-22 |s 2025-03-27 |w 2019-11-21 |y BK |k FIS | ||
| 952 | |0 0 |1 0 |4 0 |6 530_120000000000000_SAK_1994 |7 0 |8 A |9 359201 |a BIBCUR |b BIBCUR |d 2019-11-21 |i 402656K |l 5 |m 6 |o 530.12 SAK 1994 |p 402656K |r 2025-04-22 |s 2025-03-25 |w 2019-11-21 |y BK |k FIS | ||